000 01034nam a22002537a 4500
003 BR-ViAPE
005 20260514115305.0
008 260514s2014 porco||gs|||| 001 0 por d
020 _q978-85-98928-15-9
040 _cBR-ViAPE
100 _aFranceschetto, Cilmar
245 _aImigrantes Espírito Santo:
_bbase de dados da imigração estrangeira no Espírito Santo nos séculos XIX e XX
260 _aVitória
_bArquivo Público do Estado do Espírito Santo
_c2014
300 _a1200 p.
_bil.
300 _bLivro disponível em PDF
490 _aColeção Canaã
_vv. 19
500 _aObra disponibilizada em PDF por integrar a Coleção Canaã do APEES.
650 _aImigração
_xHistória
_xGenealogia
_zEspírito Santo (Brasil)
651 _aEspírito Santo (Brasil)
700 _aLazzaro, Agostino
_eorganizador
710 _aArquivo Público do Estado do Espírito Santo
856 _uhttps://ape.es.gov.br/Media/ape/PDF/Livros/Imigrantes_Livro_21_05_14.pdf
_yCLIQUE AQUI PARA ACESSAR O DOCUMENTO
942 _2ddc
_cBK
_n1
999 _c665
_d665